موسوعة تنظيم الجامعات المصرية : (Record no. 44956)
[ view plain ]
| 000 -LEADER | |
|---|---|
| fixed length control field | 01569nam a22003017a 4500 |
| 003 - CONTROL NUMBER IDENTIFIER | |
| control field | EG-GICUC |
| 005 - DATE AND TIME OF LATEST TRANSACTION | |
| control field | 20260121101326.0 |
| 008 - FIXED-LENGTH DATA ELEMENTS--GENERAL INFORMATION | |
| fixed length control field | 251120s2001 ua |||fr|||| 000 0 ara d |
| 040 ## - CATALOGING SOURCE | |
| Original cataloging agency | EG-GICUC |
| Language of cataloging | ara |
| Transcribing agency | EG-GICUC |
| Modifying agency | EG-GICUC |
| Description conventions | rda |
| 041 0# - LANGUAGE CODE | |
| Language code of text/sound track or separate title | ara |
| 082 04 - DEWEY DECIMAL CLASSIFICATION NUMBER | |
| Edition number | 21 |
| Classification number | 345.2062 |
| Item number | ر ج . م |
| 092 04 - LOCALLY ASSIGNED DEWEY CALL NUMBER (OCLC) | |
| Edition number | 21 |
| 099 ## - LOCAL FREE-TEXT CALL NUMBER (OCLC) | |
| Classification number | Law1 07 345.2062 ر ج . م 2001 |
| 100 1# - MAIN ENTRY--PERSONAL NAME | |
| Personal name | رجب عبدالحكيم سليم |
| Relator term | مؤلف. |
| 245 10 - TITLE STATEMENT | |
| Title | موسوعة تنظيم الجامعات المصرية : |
| Remainder of title | شرح أحكام قانون تنظيم الجامعات رقم 49 لسنة 1972 وقانون إعادة تنظيم الأزهر رقم 103 لسنة 1961 وقانون المؤسسات العلمية رقم 69 لسنة 1973 وقانون الجامعات الخاصة رقم 101 لسنة 1992 في ضوء المبادئ التي قررتها المحكمة الدستورية العليا والمحكمة الادارية العليا والجمعية العمومية لقسمي الفتوى والتشريع بمجلس الدولة / |
| Statement of responsibility, etc. | رجب عبدالحكيم سليم. |
| 250 ## - EDITION STATEMENT | |
| Edition statement | الطبعة الاولى |
| 264 #1 - PRODUCTION, PUBLICATION, DISTRIBUTION, MANUFACTURE, AND COPYRIGHT NOTICE | |
| Place of production, publication, distribution, manufacture | القاهرة: |
| Name of producer, publisher, distributor, manufacturer | دار أبو المجد، |
| Date of production, publication, distribution, manufacture, or copyright notice | 2001 |
| 300 ## - PHYSICAL DESCRIPTION | |
| Extent | 1516 صفحة؛ |
| Dimensions | 24 سم. |
| 336 ## - CONTENT TYPE | |
| Source | rda content |
| Content type term | text |
| 337 ## - MEDIA TYPE | |
| Source | rda media |
| Media type term | Computer |
| 338 ## - CARRIER TYPE | |
| Source | rda carrier |
| Carrier type term | Online Resource |
| 546 ## - LANGUAGE NOTE | |
| Language note | النص باللغة العربية |
| 650 14 - SUBJECT ADDED ENTRY--TOPICAL TERM | |
| Topical term or geographic name entry element | التنظيم الإداري |
| Source of heading or term | qrmak |
| 651 1# - SUBJECT ADDED ENTRY--GEOGRAPHIC NAME | |
| Source of heading or term | qrmak |
| 856 40 - ELECTRONIC LOCATION AND ACCESS | |
| Uniform Resource Identifier | <a href="https://fll.law.cu.edu.eg/fulltext/bks/B07-00796.pdf">https://fll.law.cu.edu.eg/fulltext/bks/B07-00796.pdf</a> |
| 905 ## - Cataloger and Reviser Names | |
| Cataloger Name: | Esraa Abo Elmagd |
| 942 ## - ADDED ENTRY ELEMENTS (KOHA) | |
| Source of classification or shelving scheme | Dewey Decimal Classification |
| Koha item type | Books |
| Edition | 21 |
| Suppress in OPAC | No |
| Withdrawn status | Lost status | Source of classification or shelving scheme | Damaged status | Not for loan | Collection | Home library | Current library | Date acquired | Total checkouts | Full call number | Barcode | Date last seen | Copy number | Price effective from | Koha item type |
|---|---|---|---|---|---|---|---|---|---|---|---|---|---|---|---|
| Dewey Decimal Classification | Not for loan | القانون الإداري | جــــامعة القــاهرة | مكتبة كلية الحقوق - المبنى الرئيسي | 26.01.2026 | Law1 07 345.2062 ر ج . م 2001 0700796 | B07-00796 | 26.01.2026 | 1 | 26.01.2026 | Books |